Специальные тарифы Грязе-Царицынской железной дороги в прямом сообщении с дорогами I и II групп для контроля сборов и станционной службы... ... Второе полугодие 1875 г.$90: ... Второе полугодие 1875 г. (Запись № 3632611)

Подробности
000 -МАРКЕР
контрольное поле 01298nam2a22002291 4500
001 - ИДЕНТИФИКАТОР ЗАПИСИ
контрольное поле v19\rc\1219085
005 - ИДЕНТИФИКАТОР ВЕРСИИ
контрольное поле 20250617222749.0
035 ## - ДРУГИЕ СИСТЕМНЫЕ НОМЕРА
Идентификатор записи (NLR Aleph) 004381517
100 ## - ДАННЫЕ ОБЩЕЙ ОБРАБОТКИ
Данные общей обработки 20060306d1875 |||y0rusy50 ca
101 0# - ЯЗЫК РЕСУРСА
Язык текста, звукозаписи и т.д. русский
102 ## - СТРАНА ПУБЛИКАЦИИ ИЛИ ПРОИЗВОДСТВА
Страна публикации Российская Федерация
105 ## - ПОЛЕ КОДИРОВАННЫХ ДАННЫХ: ТЕКСТОВЫЕ МАТЕРИАЛЫ, МОНОГРАФИЧЕСКИЕ
Кодированные данные о монографическом текстовом документе y z |||||
200 0# - ЗАГЛАВИЕ И СВЕДЕНИЯ ОБ ОТВЕТСТВЕННОСТИ
Основное заглавие ... Второе полугодие 1875 г.
210 ## - ПУБЛИКАЦИЯ, РАСПРОСТРАНЕНИЕ И ДР.
Дата издания, распространения и т.д. 1875
Место издания, распространения и т.д. Б. м.
215 ## - ФИЗИЧЕСКАЯ ХАРАКТЕРИСТИКА
Специфическое обозначение материала и объем 35 с.
461 #0 - УРОВЕНЬ НАБОРА
Встроенное поле 001v19\rc\1219083
-- 2001#$aСпециальные тарифы Грязе-Царицынской железной дороги в прямом сообщении с дорогами I и II групп для контроля сборов и станционной службы...$v... Второе полугодие 1875 г.$90
Системный номер (АБИС) связанной записи 3632588
Автор Грязе-Царицынская железная дорога
Место публикации Санкт-Петербург
Дата публикации 1875-1878
Заглавие Специальные тарифы Грязе-Царицынской железной дороги в прямом сообщении с дорогами I и II групп для контроля сборов и станционной службы...
Номер тома ... Второе полугодие 1875 г.$90
801 #0 - ИСТОЧНИК ЗАПИСИ
Страна Российская Федерация
Организация NLR
Правила каталогизации psbo
801 #1 - ИСТОЧНИК ЗАПИСИ
Страна Российская Федерация
Организация ProSoft-M
Источник данных rusmarc
852 ## - МЕСТОНАХОЖДЕНИЕ И ШИФР ХРАНЕНИЯ
Идентификатор организации NLR
Шифр хранения (Call Number) 18.109.8.303
942 ## - ДОПОЛНИТЕЛЬНЫЕ ЭЛЕМЕНТЫ ЗАПИСИ (АБИС)
Тип экземпляра АБИС Книга
980 ## - КОЛЛЕКЦИЯ
Название коллекции Национальная библиография
Экземпляры
Тип экземпляра Дата поступления Библиотека постоянного хранения Библиотека текущего хранения Место хранения Шифр хранения Штрих-код Статус экземпляра
Книга 26.10.2013 РНБ (Садовая) РНБ (Садовая) Русский книжный фонд -Главное здание, Ленинский читальный зал 18.109.8.303 4381517-10